000 00493nam a2200181Ia 4500
005 20251219144125.0
008 231207s9999 xx 000 0 und d
020 _a9780198742425
040 _cPK-LaNCA
082 _a791.43
_bOXF
100 _aEdited by Nowell-Smith, Geoffrey
245 4 _aThe oxford history of world cinema
260 _bOxford University Press
_aOxford
_c1997
300 _axxii, 824p
546 _aEnglish
650 _aMotion pictures--History. FTV.
942 _cF&TV
999 _c26663
_d26663